=LDR 00000nam 2200000 4500 =001 INLIS000000000015905 =005 20130612111159 =008 ***********************************Ind** =035 ##$$0010-061300000015905 =041 ##$$a Ind =082 ##$$a 372.6 =090 ##$$a 372.6, Jar t =100 ##$$a Jaruki, Muhammad =245 ##$$a Tangkas bahasa Indonesia 3A, untuk murid sekolah dasar kelas 3 disusun berdasarkan kurikulum 1994, Drs. Muhammad Jaruki =260 ##$$a 1997 $b Jakarta =300 ##$$a VII-127 hlm., eks., 21 cm =650 ##$$a Pendidikan dasar - Bhs =650 ##$$a Indonesia =850 ##$$a NBPNMAT